Geography Quiz

Random Geography or Asia Quiz

Countries with no consecutive vowels (Asia) Quiz Stats

 Plays Quiz not verified by Sporcle

Challenge
Share
Tweet
Embed
Score 0/28 Timer 04:00
0 Plays Today
Country % Correct
Japan
97.1%
Pakistan
94.3%
China
91.4%
Iran
91.4%
Iraq
91.4%
Turkmenistan
91.4%
Yemen
91.4%
Oman
88.6%
Qatar
88.6%
Bangladesh
85.7%
Bhutan
85.7%
Jordan
85.7%
Palestine
85.7%
Kazakhstan
82.9%
Country % Correct
Kyrgyzstan
82.9%
Nepal
82.9%
Singapore
82.9%
Tajikistan
82.9%
Timor-Leste
82.9%
Turkey
82.9%
United Arab Emirates
82.9%
Uzbekistan
82.9%
Afghanistan
80%
Lebanon
80%
Myanmar
80%
Philippines
80%
Maldives
71.4%
Sri Lanka
71.4%

You're not logged in!

Compare scores with friends on all Sporcle quizzes.
Join for Free
OR
Log In

You Might Also Like...

Show Comments

Extras

Top Quizzes Today


Score Distribution

Your Account Isn't Verified!

In order to create a playlist on Sporcle, you need to verify the email address you used during registration. Go to your Sporcle Settings to finish the process.

Report this User

Report this user for behavior that violates our Community Guidelines.

Details: